| 000 | 00623nam a2200229Ia 4500 | ||
|---|---|---|---|
| 003 | OSt | ||
| 005 | 20220927112308.0 | ||
| 006 | a|||||r|||| 00| 0 | ||
| 007 | ta | ||
| 008 | 220926b |||||||| |||| 00| 0 eng d | ||
| 024 | _a151087 | ||
| 037 | _cReports | ||
| 040 |
_aRTL _cRTL _beng |
||
| 041 |
_2eng _aeng |
||
| 082 | _a"X71.438s, H9/GD" | ||
| 110 |
_aBURMA (Govt of-) _9376259 |
||
| 245 | 0 | _aBudget estimates of the govt. of the union of Burma | |
| 260 |
_aBurma _bGovt of Burma _c1949 |
||
| 700 |
_aBURMA (Govt of-) _9376260 |
||
| 942 |
_h"X71.438s, H9/GD" _cCC |
||
| 999 |
_c700051 _d700051 |
||